|
|
|
|
| LEADER |
00776cam a2200217 7i4500 |
| 001 |
0000008180 |
| 005 |
20191104090000.0 |
| 020 |
|
|
|a 3527304401 (hbk.)
|
| 020 |
|
|
|a 97835273044010
|
| 090 |
0 |
0 |
|a QC176.M84
|b M85 2003
|
| 245 |
0 |
0 |
|a Multilayer thin films :
|b sequential assembly of nanocomposite materials
|c edited by Gero Decher and Joseph B. Schlenoff.
|
| 260 |
|
|
|a Weinheim:
|b Wiley-Vch,
|c 2003.
|
| 300 |
|
|
|a xix, 524 p.:
|b ill.;
|c 24 cm.
|
| 500 |
|
|
|a Includes index
|
| 650 |
0 |
0 |
|a Polyelectrolytes
|
| 650 |
0 |
0 |
|a Nanostructure materials
|
| 650 |
0 |
0 |
|a Thinfilms, Multilayered
|
| 700 |
1 |
|
|a Decher, Gero
|
| 700 |
1 |
|
|a Schlenoff, Joseph B.
|
| 997 |
|
|
|a Engineering & Life Sciences, Faculty
|b Engineering, Department
|
| 999 |
|
|
|a 0000006325
|b BOK
|c OPEN SHELF
|e 2nd Floor, Bestari Jaya
|